<?xml version="1.0" encoding="UTF-8"?>
<record
    xmlns:xsi="http://www.w3.org/2001/XMLSchema-instance"
    xsi:schemaLocation="http://www.loc.gov/MARC21/slim http://www.loc.gov/standards/marcxml/schema/MARC21slim.xsd"
    xmlns="http://www.loc.gov/MARC21/slim">

  <leader>00642nam a22001937a 4500</leader>
  <datafield tag="999" ind1=" " ind2=" ">
    <subfield code="c">3600</subfield>
    <subfield code="d">3600</subfield>
  </datafield>
  <controlfield tag="003">DO-SdBJH</controlfield>
  <controlfield tag="005">20180514183453.0</controlfield>
  <controlfield tag="008">180514b           ||||| |||| 00| 0 spa d</controlfield>
  <datafield tag="040" ind1=" " ind2=" ">
    <subfield code="a">DO-SdBJH</subfield>
    <subfield code="b">spa</subfield>
    <subfield code="c">DO-SdBJH</subfield>
  </datafield>
  <datafield tag="082" ind1=" " ind2=" ">
    <subfield code="a">	RD863.44</subfield>
    <subfield code="b">N789o</subfield>
  </datafield>
  <datafield tag="100" ind1=" " ind2=" ">
    <subfield code="a">Nolasco, S&#xF3;crates</subfield>
  </datafield>
  <datafield tag="245" ind1=" " ind2=" ">
    <subfield code="a">Obras completas /</subfield>
    <subfield code="b">S&#xF3;crates Nolasco</subfield>
  </datafield>
  <datafield tag="260" ind1=" " ind2=" ">
    <subfield code="a">Santo Domingo :</subfield>
    <subfield code="b">Corripio,</subfield>
    <subfield code="c">1994</subfield>
  </datafield>
  <datafield tag="300" ind1=" " ind2=" ">
    <subfield code="a">3V</subfield>
  </datafield>
  <datafield tag="490" ind1=" " ind2=" ">
    <subfield code="a">Biblioteca de cl&#xE1;sicos dominicanos </subfield>
    <subfield code="v">	18-20</subfield>
  </datafield>
  <datafield tag="650" ind1=" " ind2=" ">
    <subfield code="2">Cuentos dominicanos;</subfield>
  </datafield>
  <datafield tag="710" ind1=" " ind2=" ">
    <subfield code="b">http://ec2-54-71-199-125.us-west-2.compute.amazonaws.com:8080/cgi-bin/koha/cataloguing/addbiblio.pl?frameworkcode=LIB#</subfield>
  </datafield>
  <datafield tag="942" ind1=" " ind2=" ">
    <subfield code="2">ddc</subfield>
    <subfield code="c">BK</subfield>
  </datafield>
  <datafield tag="952" ind1=" " ind2=" ">
    <subfield code="0">0</subfield>
    <subfield code="1">0</subfield>
    <subfield code="2">ddc</subfield>
    <subfield code="4">0</subfield>
    <subfield code="7">0</subfield>
    <subfield code="8">RD</subfield>
    <subfield code="a">BANCWL</subfield>
    <subfield code="b">BANCWL</subfield>
    <subfield code="c">GEN</subfield>
    <subfield code="d">2018-05-14</subfield>
    <subfield code="i">00021</subfield>
    <subfield code="l">0</subfield>
    <subfield code="o">RD 863.44 N789o</subfield>
    <subfield code="p">140901t1994||r||||||</subfield>
    <subfield code="r">2018-05-14 00:00:00</subfield>
    <subfield code="t">1</subfield>
    <subfield code="w">2018-05-14</subfield>
    <subfield code="y">BK</subfield>
  </datafield>
</record>
